000 00318pam a2200133 a 4500
020 _c
041 _aeng
082 _bGHA
100 _aGHANEKAR.
245 _aSAHKARI CHALVALICHE 100 VARSHACHE AVALIKAN VA NAVI AVHANE
_hTextual Documents
260 _a[s.l]:
_bRural Development
300 _a128p.
930 _a2365
999 _c79289
_d79289